000 00460nam a2200157 i 4500
001 34176
003 ES-MaACL
007 t|
008 030204s1901 sp ||||1| spa d
100 1 _aBlanco Constans, Francisco.
_929237
245 1 0 _aEstudios elementales de Derecho Mercantil /
_cpor Francisco Blanco Constans.
250 _a2ª ed.
260 _aMadrid :
_bM. Minuesa de los Ríos,
_c1901.
300 _a2 v. ;
_c25 cm.
852 _aES-MaACL
_jB-5320-5321
999 _c34176
_d34176